HARRISON'S INTERNAL MEDICINE (Record no. 32406)

MARC details
000 -LEADER
fixed length control field 00342nam a22001577a 4500
003 - CONTROL NUMBER IDENTIFIER
control field SGT
020 ## - INTERNATIONAL STANDARD BOOK NUMBER
International Standard Book Number 978-0-07-14-7691-1
082 ## - DEWEY DECIMAL CLASSIFICATION NUMBER
Classification number 610
Item number FAU
100 ## - MAIN ENTRY--PERSONAL NAME
Personal name FAUCI, ANTHONY
245 ## - TITLE STATEMENT
Title HARRISON'S INTERNAL MEDICINE
250 ## - EDITION STATEMENT
Edition statement 17TH
260 ## - PUBLICATION, DISTRIBUTION, ETC. (IMPRINT)
Place of publication, distribution, etc USA
Name of publisher, distributor, etc MC GRAW HILL
Year of Publication 2008
300 ## - PAGE DESCRIPTION
No. of Pages 1364
650 ## - SUBJECT ADDED ENTRY--TOPICAL TERM
Topical term or geographic name as entry element MEDICINE
942 ## - ADDED ENTRY ELEMENTS (KOHA)
Source of classification or shelving scheme Dewey Decimal Classification
Koha item type Books
Holdings
Withdrawn status Lost status Source of classification or shelving scheme Damaged status Not for loan Collection code Home library Current library Shelving location Date acquired Volume Information (Serial or Books or Non-Book Material) SGTU Total Checkouts Full call number Accession No. (Barcode) Date last seen Bill Date Koha item type
    Dewey Decimal Classification     SCIENCE SGT Science & Social Sciences Library SGT Science & Social Sciences Library Text Book 25/08/2025 1 SGTU   610 FAU DP99 25/08/2025 25/08/2025 Books
    Dewey Decimal Classification     SCIENCE SGT Science & Social Sciences Library SGT Science & Social Sciences Library Text Book 25/08/2025 2 SGTU   610 FAU DP100 25/08/2025 25/08/2025 Books